| 000 | 00357nam a2200145Ia 4500 | ||
|---|---|---|---|
| 008 | 220216s9999 xx 000 0 und d | ||
| 100 | _aPhilip A | ||
| 245 | 0 | _aCalopogonium caeruleum- Rubberinu mattoru aavarana vila | |
| 260 |
_bRubber _c2020 |
||
| 300 | _a14-15 | ||
| 650 | _aCalopogonium | ||
| 650 | _aCover crop | ||
| 700 | _aJessy M.D | ||
| 942 | _cJS | ||
| 999 |
_c55049 _d55049 |
||